000 01392nam0a22003251 4500
001 v19\rc\1723924
005 20260601071214.0
035 _a(NLR Aleph) 005231015
090 _a5605399
_c5605399
100 _a20061002d1908 |||y0rusy50 ca
101 1 _arus
_cfre
102 _aRU
105 _ay z |||||
200 1 _aКак лучше и выгоднее удобрять землю навозом
_fСост. проф. Дегерен
_gПер. с фр. О.З.
_gПод ред. агр. В. Кочеткова
205 _a2-е изд.
210 _aМосква
_cтип. В.А. Жданович
_d1908
215 _a32 с.
_d18
225 1 _aДеревенское хозяйство и деревенская жизнь
_fПод ред. И. Горбунова-Посадова
_vКн. 10
700 1 _aДегерен
_bП.П.
_f1830-1902
_gПьер Поль
_4220
702 0 _aО. З.
_4730
702 1 _aКочетков
_bВ.
_4340
702 1 _4570
_8rus
_7ca
_aГорбунов-Посадов
_bИ. И.
_f1864-1940
_gИван Иванович
_3RU\NLR\AUTH\7710999
_9120757
790 1 _9z01702
_aПосадов
_bИ.И.
_f1864-1940
_gИван Иванович
801 0 _aRU
_bNLR
_c20061002
_gpsbo
801 0 _aRU
_bRuMoRGB
_c20061002
_2psbo
801 1 _aRU
_bProSoft-M
_c20061002
_2rusmarc
801 2 _aRU
_bNLR
_c20070822
_2rusmarc
852 _aNLR
_j34.52.7.1261
942 _cBOOK
980 _aNB